书目信息 |
| 题名: |
体育商业活动策划
|
|
| 作者: | 王飞 主编 | |
| 分册: | ||
| 出版信息: | 哈尔滨 哈尔滨工程大学出版社 2011.05 |
|
| 页数: | 220页 | |
| 开本: | 24cm | |
| 丛书名: | ||
| 单 册: | ||
| 中图分类: | G80 | |
| 科图分类: | ||
| 主题词: | ||
| 电子资源: | ||
| ISBN: | 978-7-5661-0111-2 | |
| 000 | 00544nam0 2200169 450 | |
| 001 | 202410229447375892 | |
| 005 | 20241022171822.15 | |
| 010 | @a978-7-5661-0111-2@d¥28.00 | |
| 100 | @a20241022d km y0chiy0120 ea | |
| 101 | 0 | @achi |
| 200 | 1 | @a体育商业活动策划@ATi Yu Shang Ye Huo Dong Ce Hua@f王飞主编@FWang Fei Zhu Bian |
| 210 | @a哈尔滨@c哈尔滨工程大学出版社@d2011.05 | |
| 215 | @a220页@d24cm | |
| 690 | @aG80@v4 | |
| 701 | 0 | @a王飞@AWang Fei@4主编 |
| 801 | 0 | @aCN@b大连网信软件有限公司图书馆·11@c20241022 |
| 905 | @aZUCC@b1430297@dG80@e2124@f1 | |
| 体育商业活动策划/王飞主编.-哈尔滨:哈尔滨工程大学出版社,2011.05 |
| 220页;24cm |
| ISBN 978-7-5661-0111-2:¥28.00 |
| ● |
| 相关链接 |
|
|
|
|
正题名:体育商业活动策划
索取号:G80/2124
 
预约/预借
| 序号 | 登录号 | 条形码 | 馆藏地/架位号 | 状态 | 备注 |
| 1 | 1430297 | 214302976 | 密集书库-史法系/ [索取号:G80/2124] | 在馆 |